Logo BPK

Biblioteka

Politechniki Koszalińskiej

VI [szósta] Krajowa konferencja naukowo-techniczna Postępy w teorii i technice obróbki materiałów.Sekcja 3,Komputerowe wspomaganie konstrukcji i technologii : (Rekord nr 29078)

Szczegóły MARC
000 -ETYKIETA REKORDU
podpole kontrolne o stałej długości 00690nam a2200157 i 4500
001 - NUMER KONTROLNY REKORDU
pole kontrolne bg
040 ## - ŹRÓDŁO KATALOGOWANIA
Instytucja, która utworzyła rekord BPK
041 ## - KOD JĘZYKA
Kod języka tekstu pol
080 ## - UNIWERSALNA KLASYFIKACJA DZIESIĘTNA - UKD
UKD 621.9(061)
008 - POLE O STAŁEJ DŁUGOŚCI - DANE KONTROLNE
podpole kontrolne o stałej długości s pl f |000 0 pol
245 #3 - TYTUŁ/ODPOWIEDZIALNOŚĆ
Tytuł VI [szósta] Krajowa konferencja naukowo-techniczna Postępy w teorii i technice obróbki materiałów.Sekcja 3,Komputerowe wspomaganie konstrukcji i technologii :
Ciąg dalszy tytułu referaty recenzowane; Kraków 18-20 styczen 1990 /
Pozostałe elementy strefy tytułu i oznaczenia odpowiedzialności Sekcja Podstaw TEchnologii Komitetu Budowy Maszyn PAN, Instytut Oróbki Skrawaniem, Sekcja Obrabiarek i Narzędzi SIMP.
260 ## - STREFA ADRESU WYDAWNICZEGO
Miejsce wydania Kraków :
Nazwa wydawcy/dystrybutora IOS,
Data publikacji, dystrybucji/powstania dokumentu 1990.
650 #9 - HASŁO PRZEDMIOTOWE W FORMIE NAZWY OGÓLNEJ LUB JEDNOSTKOWEJ
Nazwa ogólna lub geograficzna Skrawanie
Określnik ogólny narzędzia i maszyny
655 ## - TERMIN INDEKSOWY - OKREŚLENIE RODZAJU/FORMY DOKUMENTU
Określenie rodzaju/formy dokumentu Materiały konferencyjne
856 ## - LOKALIZACJA I DOSTĘP DO ELEKTRONICZNYCH DOKUMENTÓW ZDALNYCH
Link (URL) http://koha.tu.koszalin.pl/cgi-bin/koha/opac-detail.pl?biblionumber=29078
Tekst linku Katalog online BPK
942 ## - DODATKOWE ELEMENTY (KOHA)
Typ dokumentu Książka
Egzemplarze
Wycofany Status egzemplarza Uszkodzony Dostępność Lokalizacja stała Lokalizacja bieżąca Miejsce przechowywania Sygnatura Kod kreskowy Typ dokumentu
      Dostępny Biblioteka Politechniki Koszalińskiej Biblioteka Politechniki Koszalińskiej Wypożyczalnia BG 35129 01184624 Książka
      Dostępny Biblioteka Politechniki Koszalińskiej Biblioteka Politechniki Koszalińskiej Wypożyczalnia BG 35129/L 02267210 Książka
© 2023 Biblioteka Politechniki Koszalińskiej :: KOHA